New Orleans Pelicans 2016-17 Roster - Statistics

General Stats
  • This quiz has been taken 183 times
    139 since last reset
  • The average score is 6 of 16
Answer Stats
Nbr Post Player % Correct
23 Forward-Center Anthony Davis
98%
11 Guard Jrue Holiday
80%
0 Forward-Center DeMarcus Cousins
78%
55 Guard E'Twaun Moore
44%
- Head Coach Alvin Gentry
37%
3 Center Omer Asik
35%
42 Center Alexis Ajinca
33%
44 Forward Solomon Hill
31%
33 Forward Dante Cunningham
29%
2 Guard Tim Frazier
23%
20 Guard-Forward Quincy Pondexter
18%
13 Forward Cheick Diallo
16%
1 Guard Jarrett Jack
15%
5 Forward Reggie Williams
12%
12 Forward-Center Donatas Motiejunas
6%
9 Forward Hollis Thompson
4%
No matching quizzes found
Score Distribution
Percent of People with Each Score
Percentile by Number Answered
Your Score History
You have not taken this quiz since the last reset